Bangladesh Population census, 1974 : (Record no. 62454)
[ view plain ]
| 000 -LEADER | |
|---|---|
| fixed length control field | 01124nam a2200253 a 4500 |
| 001 - CONTROL NUMBER | |
| control field | 62454 |
| 003 - CONTROL NUMBER IDENTIFIER | |
| rucl marc code | BD-RjUL |
| 005 - DATE AND TIME OF LATEST TRANSACTION | |
| control field | 20211209081104.0 |
| 008 - FIXED-LENGTH DATA ELEMENTS--GENERAL INFORMATION | |
| fixed length control field | 170124s1977 bg 000 0 eng |
| 020 ## - INTERNATIONAL STANDARD BOOK NUMBER | |
| Terms of availability | : Tk 20.00 (Inland) |
| 035 ## - SYSTEM CONTROL NUMBER | |
| System control number | (BD-RjUL)62580 |
| 040 ## - CATALOGING SOURCE | |
| Original cataloging agency | DLC |
| Transcribing agency | DLC |
| Modifying agency | DLC |
| -- | BD-RjUL |
| Language of cataloging | eng |
| 041 ## - LANGUAGE CODE | |
| Language code of text/sound track or separate title | engben |
| 082 ## - DEWEY DECIMAL CLASSIFICATION NUMBER | |
| Edition number | 23 |
| Classification number | 304.6095492021 |
| Author mark and year | COM 1977 (VPS) |
| 110 1# - MAIN ENTRY--CORPORATE NAME | |
| Corporate name or jurisdiction name as entry element | Bangladesh Bureau of Statistics |
| 9 (RLIN) | 155808 |
| 245 10 - TITLE STATEMENT | |
| Title | Bangladesh Population census, 1974 : |
| Remainder of title | Village Population Statistics : Comilla District = গ্রাম জনসংখ্যা পরিসংখ্যান: কুমিল্লা জিলা / |
| Statement of responsibility, etc. | Bangladesh Bureau of Statistics |
| 246 ## - VARYING FORM OF TITLE | |
| Title proper/short title | গ্রাম জনসংখ্যা পরিসংখ্যান: |
| Remainder of title | কুমিল্লা জিলা |
| 260 ## - PUBLICATION, DISTRIBUTION, ETC. (IMPRINT) | |
| Place of publication, distribution, etc. | Dacca : |
| Name of publisher, distributor, etc. | Bangladesh Bureau of Statistics |
| Date of publication, distribution, etc. | 1977. |
| 300 ## - PHYSICAL DESCRIPTION | |
| Pagination | 173 p. : |
| Illustrations | Ill. ; |
| Size | 29 cm. |
| 500 ## - GENERAL NOTE | |
| General note | "Prefatory matter in Bengali and English" |
| 651 ## - SUBJECT ADDED ENTRY--GEOGRAPHIC NAME | |
| Geographic name | Bangladesh |
| Geographic subdivision | Comilla |
| Form subdivision | Census, 1974. |
| 9 (RLIN) | 185719 |
| Geographic name | Bangladesh |
| Geographic subdivision | Comilla |
| General subdivision | Population |
| Form subdivision | Statistics. |
| Chronological subdivision | 1974. |
| 9 (RLIN) | 185720 |
| 942 ## - ADDED ENTRY ELEMENTS (KOHA) | |
| Source of classification or shelving scheme | Dewey Decimal Classification |
| Koha item type | Rare Books |
| Lost status | Source of classification or shelving scheme | Damaged status | Not for loan | Collection code | Permanent Location | Current Location | Shelving location | Date acquired | Source of acquisition | Cost, normal purchase price | Total Checkouts | Full call number | Date last seen | Copy number | Koha item type |
|---|---|---|---|---|---|---|---|---|---|---|---|---|---|---|---|
| Dewey Decimal Classification | Not For Loan | Rare Books | Central Library, University of Rajshahi | Central Library, University of Rajshahi | Rare Book Section | 11/09/1978 | Bangladesh Books International Ltd., Dhaka | 20.00 | RA 304.6095492021 COM 1977(VPS) | 24/01/2017 | C-1 | Rare Books | |||
| Dewey Decimal Classification | Not For Loan | Rare Books | Central Library, University of Rajshahi | Central Library, University of Rajshahi | Rare Book Section | 11/09/1978 | Bangladesh Books International Ltd., Dhaka | 20.00 | RA 304.6095492021 COM 1977(VPS) | 25/01/2017 | C-2 | Rare Books |